Регионална библиотека "Любен Каравелов" - Русе

Малибу в пламъци (Запис номер 491594)

MARC детайли
000 -Лидер
Лидер 01333nam a2200301 a 4500
003 - Код на организацията, давaща контролен номер
Код на организацията, даваща контролен номер BLK
005 - Дата и час на последна редакция
Дата и час на последна редакция 20250609153931.0
008 - Елементи от данни с фиксирана дължина
Елементи с фиксирана дължина 200703b bu ||||| |||| 00| 0 bu d
020 ## - Международен стандартен номер на книга ISBN
ISBN 9789547833616
040 ## - Източник на каталожния запис
Код на библиотеката BLK
041 ## - Код за език
Език Български
Език за КДБФ Български
080 ## - УДК
УДК текст Американска литература (на САЩ)
УДК код 821.111(73)
УДК – определител -31
УДК – код + определител 821.111(73)-31
100 ## - Редна дума - Автор
Автор Рийд, Тейлър Дженкинс
R(LIN) 417377
245 ## - Сведения за заглавието
Заглавие Малибу в пламъци
Авторска отговорност Тейлър Дженкинс Рийд ; прев. Катя Перчинкова
257 ## - Страна на издаване
Страна на създаване/издаване България
260 ## - Област на издателските данни
9 (RLIN) 213084
Място на издаване София
Име на издателя Локус пъблишинг
Година на издаване 2022
Издателство - префикс ISBN 978-954-783-
300 ## - Физическа характеристика
Брой страници 454 с.
Размер 20 см
380 ## - Жанр
Жанр Худож. лит.
490 ## - СЕРИИ (Колекции)
9 (RLIN) 417306
Серия Библиотека Lux in tenebris
Номер в серията 14
ISSN на серия C634-7967
500 ## - Общи забележки
Обща забележка Ориг. загл.: Malibu rising / Taylor Jenkins Reid<br/>Името на авт. Тейлър Дженкинс Рийд погрешно отпеч. в изд. каре - Taylor Jenkins Reеd
700 1# - Други автори (авторска отговорност)
9 (RLIN) 108657
Друг автор Перчинкова, Катя Христова
Авт. отговорност на др. автор прев.
852 ## - Местоположение
Сигнатура (форматна) Цб 318062
Отдел Хранилище
852 ## - Местоположение
Отдел Заемна - подръчен фонд
Систематично-азбучна сигнатура 821-31/Р 58 Т
856 ## - Електронен адрес и достъп
Инструкция (цена за достъп) 0.00
Права за достъп disable
942 ## - АРТИКУЛИ
Вид на библиотечния документ Книги
Скрит в OPAC Не
Периодичен библиозапис Да
Koha issues (borrowed), all copies 9
944 ## - СЪЗДАВАНЕ И РЕДАКЦИЯ на ЗАПИСА
Дата на регистрацията/редакция 2024
Служител, извършил регистрацията/редакцията 30576
Номер на служител Цветомила Тодорова
999 ## - СИСТЕМНИ КОНТРОЛНИ НОМЕРА
Koha biblionumber 491594
Koha biblioitemnumber 491594
Наличности
Код за отписване Код за изгубен артикул Източник на класификационната схема Код за повреда Коз за рестрикции Код за отдаване Артикулен № Име на библиотеката - собственик Име на библиотеката, в която се намира в момента Статус (Текущо местоположение) Дата на вписване в системата Местоположение - отдел Цена в лева Инвентарен номер Систематично азбучна сигнатура Баркод Цена в евро Служебен тип на артикула
  Не е изгубен Universal Decimal Classification Не е повреден само за читалня ползва се в читалня 928704 Регионална библиотека "Любен Каравелов" Русе Регионална библиотека "Любен Каравелов" Русе Хранилище 2023-05-16 Хранилище 24.00 120000887937 Цб 318065 120000887937 12.27 Книги
  Не е изгубен Universal Decimal Classification Не е повреден   заемане за дома 939760 Регионална библиотека "Любен Каравелов" Русе Регионална библиотека "Любен Каравелов" Русе Заемна - подръчен фонд 2024-01-23 Заемна - подръчен фонд 16.80 120000898786 821-31/Р 58 Т 120000898786 8.59 Книги
  Не е изгубен Universal Decimal Classification Не е повреден   заемане за дома 939761 Регионална библиотека "Любен Каравелов" Русе Регионална библиотека "Любен Каравелов" Русе Заемна - подръчен фонд 2024-01-23 Заемна - подръчен фонд 16.80 120000898787 821-31/Р 58 Т 120000898787 8.59 Книги
Vip Innovations Ltd, Rousse, Bulgaria 2025